000
00269nam a22001217a 4500
008
181017b xxu||||| |||| 00| 0 eng d
041
_a
eng
080
_a
370
100
_a
47
101
_a
EDU
245
_a
The Way Of The Stoyteller
_c
Sawyer.R
942
_2
udc
_c
BK
999
_c
49958
_d
49958